Le risque pour une chaine hoteliere multinationale a travers le change et la politique

Αποθηκεύτηκε σε:
Λεπτομέρειες βιβλιογραφικής εγγραφής
Κύριος συγγραφέας: Salemi, L.
Μορφή: Βιβλίο
Γλώσσα:French
Δημοσίευση: Paris : Centre des Hautes Etudes Touristiques, 1988
Σειρά:Cahiers du tourisme. Serie C ; ; 84
Θέματα:
Ετικέτες: Προσθήκη ετικέτας
Δεν υπάρχουν, Καταχωρήστε ετικέτα πρώτοι!

MARC

LEADER 00000nam a2200000 i 4500
001 1/67149
008 960618s1988 fre d
035 |l 10029955 
040 |a GR-MY-UA  |b gre  |e aacr 
041 0 |a fre 
082 0 |a 338.4791 
100 1 |a Salemi, L. 
245 1 3 |a Le risque pour une chaine hoteliere multinationale a travers le change et la politique /  |c L. Salemi 
260 |a Paris :   |b Centre des Hautes Etudes Touristiques,   |c 1988 
490 1 |a Cahiers du tourisme. Serie C  |v ; 84 
650 0 0 |a Tourism. 
650 0 0 |a Change. 
650 0 0 |a Hotels. 
830 0 |a Cahiers du tourisme. Serie C ;  |v ; 84 
852 |a INST  |b CHIOS  |e 19960618  |h 338.4791 SAL  |p 005200007771  |q 005200007771  |t BK  |y 0 
909 |a Χ  |b 032537